000 00928cam a22002897a 4500
003 CHAP
005 20220329140321.0
008 971013s1975 r 00010 d
010 _a50298
011 _a51270
035 _a55420
040 _cCHAP
082 _a972.01
_bP55
100 0 0 _aPiña Chán, Román.
_988436
245 1 3 _aEl estado de México antes de la conquista
260 _aMéxico :
_bUniversidad Autónoma del Estado de México,
_c1975
300 _a152 p.
_b: láms.
590 _aBATCH-UPD
_b10
_c20130110
_lUCH01
_h0819
590 _aBATCH-UPD
_b10
_c20130410
_lUCH01
_h0456
590 _aBATCH-UPD
_b10
_c20130914
_lUCH01
_h1827
590 _aCONVERSION
_b10
_c20130109
_lUCH01
_h1327
650 1 4 _aMéxico (Edo.)
_xHistoria.
_976831
650 1 4 _aMéxico
_xHistoria
_xEpoca prehispánica.
_976759
901 _aBK
942 _cLIBRO
949 _a972.01 P55
_bBC
_cLIBRO
_d-121598
_eLIBRO
_h53896
_i55420
_si
_t150.00
999 _c50298
_d50298